000 01329nam a2200325 c 4500
003 BLK
005 20180422113402.0
008 180410b bul|||||r ||||||| ||bul||
010 _aKNG00162338000
040 _aBLK
041 _aBUL
_cBUL
080 _aГранични войски
_b356.1
_x(092)
_z356.1(092)
080 _aБиографии
_b929
_x
_z929
100 1 _aБъзовски, Димитър
_eпърви автор
_9332901
700 1 _aПавлов, Николай
_eлит. обраб.
_9370715
139 _aБъзовски, Димитър
_bБ 91
245 1 0 _aОт рудника до граничната бразда
_bОчерк за героя-граничар Вергил Ваклинов
_cДимитър Бъзовски; лит. обраб. Николай Павлов.
257 _aBGR
260 София
_bНар. младеж
_c1961
300 _a144 с.
_bс портр.
_c18 см
380 _a3
490 1 _aПоредица Наша комсомолска чест и гордост
500 _a4 050 тир.
600 1 4 _aВаклинов, Вергил
_9332955
852 _aЦб І 4669
856 4 _qpdf
_u
856 4 _qpdf
_u
942 _cKNG
_n0
944 _aCR
_c19.06.2014
_l19.06.2014 - от С1,Р / 19.06.2014
_kПравда_Бадева
944 _aED
_c19.06.2014
_l19.06.2014 - от С1,Р / 19.06.2014
_k
999 _c155658
_d155658